Representing development : the social construction of models of change /

Bibliographic Details
Corporate Author: ebrary, Inc
Other Authors: Carré, David (Editor), Valsiner, Jaan (Editor), Hampl, Stefan (Editor)
Format: eBook
Language:English
Published: Abingdon, Oxon ; New York, NY : Routledge, 2017.
Series:Cultural dynamics of social representation.
Subjects:
Online Access:Connect to the full text of this electronic book

MARC

Tag First Indicator Second Indicator Subfields
LEADER 00000cam a22000001i 4500
001 in00003721997
006 m |o d |
007 cr |n|||||||||
008 160815s2017 enk ob 001 0 eng d
005 20250816203825.7
020 |a 9781317526025 (electronic bk.) 
020 |a 1317526023 (electronic bk.) 
020 |z 9781138853386 
020 |z 1138853380 
024 8 |a 40026261301 
035 |a (NhCcYBP)ebr11236945 
040 |a NhCcYBP  |c NhCcYBP  |d UtOrBLW 
050 4 |a BF713  |b .R465 2017 
082 0 4 |a 155  |2 23 
245 0 0 |a Representing development :  |b the social construction of models of change /  |c edited by David Carré, Jaan Valsiner and Stefan Hampl. 
264 1 |a Abingdon, Oxon ;  |a New York, NY :  |b Routledge,  |c 2017. 
300 |a 1 online resource. 
336 |a text  |b txt  |2 rdacontent 
337 |a computer  |b c  |2 rdamedia 
338 |a online resource  |b cr  |2 rdacarrier 
490 1 |a Cultural dynamics of social representation 
504 |a Includes bibliographical references and index. 
588 |a Description based on print version record. 
500 |a Electronic resource. 
650 0 |a Developmental psychology.  |0 http://id.loc.gov/authorities/subjects/sh85037359 
650 0 |a Developmental biology.  |0 http://id.loc.gov/authorities/subjects/sh85037352 
650 0 |a Social representations.  |0 http://id.loc.gov/authorities/subjects/sh2008008441 
655 7 |a Electronic books.  |2 local 
700 1 |a Carré, David,  |e editor.  |0 http://id.loc.gov/authorities/names/n2016010761 
700 1 |a Valsiner, Jaan,  |e editor.  |0 http://id.loc.gov/authorities/names/n85191005 
700 1 |a Hampl, Stefan,  |e editor.  |0 http://id.loc.gov/authorities/names/n2016010763 
710 2 |a ebrary, Inc.  |0 http://id.loc.gov/authorities/names/no2007088509 
776 1 8 |c Original  |z 9781138853386  |z 1138853380  |w (DLC) 2016002709 
830 0 |a Cultural dynamics of social representation.  |0 http://id.loc.gov/authorities/names/no2010068959 
856 4 1 |u https://ebookcentral.proquest.com/lib/tamucs/detail.action?docID=4595350  |y Connect to the full text of this electronic book  |t 0 
955 |a YBP purchased approval e-records 
980 |b 200.00  |g 1 
987 |a ybp13078853 
999 f f |s 089dacec-c0bc-36a6-858c-a0e82793e642  |i 48cbc450-cb7a-309e-91da-f3f5ea1e9825  |t 0 
952 f f |a Texas A&M University  |b College Station  |c Electronic Resources  |d Available Online  |t 0  |e BF713 .R465 2017  |h Library of Congress classification 
998 f f |a BF713 .R465 2017  |t 0  |l Available Online